[Event "25th Varna it"]
[Site "Varna BUL"]
[Date "1986.04.23"]
[Round "1"]
[White "Ermenkov, Evgeny"]
[Black "Grigorov, Yordan"]
[Result "1-0"]
[WhiteElo "2430"]
[BlackElo "2410"]
[EventDate "1986.04.23"]
[PlyCount "67"]

1.d4 Nf6 2.c4 g6 3.Nc3 Bg7 4.e4 O-O 5.Bg5 d6 6.Qd2 c6 7.Bd3 a6 8.a4 a5 9.
f4 Na6 10.Rd1 Nb4 11.Bb1 d5 12.cxd5 cxd5 13.e5 Ne8 14.Nf3 f6 15.Bh4 Bg4 
16.O-O Qd7 17.Bg3 Rc8 18.h3 Bf5 19.Bxf5 Qxf5 20.Nh4 Qh5 21.Be1 f5 22.Nf3 
e6 23.Rc1 h6 24.Bh4 Rc4 25.b3 Rc6 26.Ne2 g5 27.fxg5 hxg5 28.Bxg5 Qf7 29.
Nf4 Nc7 30.Qf2 Rc8 31.Rxc6 bxc6 32.Qh4 c5 33.Be7 c4 34.Ng5 1-0

[Event "25th Varna it"]
[Site "Varna BUL"]
[Date "1986.04.23"]
[Round "1"]
[White "Espig, Lutz"]
[Black "Vera Gonzalez, Reynaldo"]
[Result "1/2-1/2"]
[WhiteElo "2395"]
[BlackElo "2455"]
[EventDate "1986.04.23"]
[PlyCount "50"]

1.Nf3 Nf6 2.c4 e6 3.g3 a6 4.Nc3 d5 5.cxd5 exd5 6.Bg2 Be7 7.O-O O-O 8.d4 c6
9.Qc2 Nbd7 10.Rd1 Re8 11.Bf4 Bf8 12.Rab1 g6 13.Re1 Bg7 14.Rbd1 Nb6 15.Qc1 
Nc4 16.Ne5 Nxe5 17.Bxe5 Bf5 18.h3 Ne4 19.Bxg7 Kxg7 20.Nxe4 Bxe4 21.f3 Bf5 
22.e4 Be6 23.e5 Rc8 24.Qc3 b6 25.b4 Qe7 1/2-1/2

[Event "25th Varna it"]
[Site "Varna BUL"]
[Date "1986.04.23"]
[Round "1"]
[White "Inkiov, Ventzislav"]
[Black "Ubilava, Elizbar"]
[Result "1/2-1/2"]
[WhiteElo "2465"]
[BlackElo "2515"]
[EventDate "1986.04.23"]
[PlyCount "37"]

1.d4 d5 2.c4 e6 3.Nf3 Nf6 4.g3 Be7 5.Bg2 O-O 6.O-O dxc4 7.Qc2 a6 8.Qxc4 b5
9.Qc2 Bb7 10.Bg5 Nbd7 11.Nbd2 Rc8 12.Nb3 Be4 13.Qc1 c5 14.dxc5 Nxc5 15.
Nxc5 Rxc5 16.Qe3 Qa8 17.Bxf6 gxf6 18.Rad1 Rfc8 19.Rd7 1/2-1/2

[Event "25th Varna it"]
[Site "Varna BUL"]
[Date "1986.04.23"]
[Round "1"]
[White "Mnatsakanian, Eduard"]
[Black "Angelov, Kosta"]
[Result "1-0"]
[WhiteElo "2430"]
[BlackElo "2335"]
[EventDate "1986.04.23"]
[PlyCount "79"]

1.e4 d5 2.exd5 Qxd5 3.Nc3 Qa5 4.d4 Nf6 5.Bc4 Bg4 6.f3 Bf5 7.Bd2 c6 8.Nd5 
Qd8 9.Nxf6+ gxf6 10.Ne2 Nd7 11.a4 Nb6 12.Bb3 e6 13.O-O Bd6 14.a5 Nd7 15.
Ng3 Bg6 16.Ne4 Be7 17.Bf4 e5 18.dxe5 fxe5 19.Nd6+ Bxd6 20.Qxd6 Qe7 21.Qd2 
O-O-O 22.Be3 e4 23.Bxa7 Ne5 24.Qf4 exf3 25.gxf3 f6 26.Bb6 Rd7 27.a6 bxa6 
28.Rxa6 Kb7 29.Rfa1 Rb8 30.Ba7 Ra8 31.R6a4 Kc8 32.Bd4 Rxa4 33.Rxa4 Nxf3+ 
34.Qxf3 Qe1+ 35.Qf1 Qe4 36.Bf2 Qf5 37.Ra8+ Kc7 38.Ra7+ Kd8 39.Bb6+ Ke8 40.
Qxf5 1-0

[Event "25th Varna it"]
[Site "Varna BUL"]
[Date "1986.04.23"]
[Round "1"]
[White "Radulov, Ivan"]
[Black "Toshkov, Tikhomir"]
[Result "1/2-1/2"]
[WhiteElo "2405"]
[BlackElo "2430"]
[EventDate "1986.04.23"]
[PlyCount "46"]

1.e4 e5 2.Nf3 Nc6 3.Bb5 a6 4.Ba4 Nf6 5.O-O b5 6.Bb3 Be7 7.Re1 d6 8.c3 O-O 
9.h3 Bb7 10.d4 Re8 11.Ng5 Rf8 12.Nf3 Re8 13.Nbd2 Bf8 14.Bc2 g6 15.d5 Nb8 
16.b3 c6 17.c4 Nbd7 18.Nf1 bxc4 19.bxc4 Nc5 20.N1d2 Qc7 21.Nb3 Nxb3 22.
axb3 cxd5 23.exd5 a5 1/2-1/2

[Event "25th Varna it"]
[Site "Varna BUL"]
[Date "1986.04.23"]
[Round "1"]
[White "Spiridonov, Nikola"]
[Black "Lalic, Bogdan"]
[Result "1/2-1/2"]
[WhiteElo "2420"]
[BlackElo "2450"]
[EventDate "1986.04.23"]
[PlyCount "34"]

1.d4 d5 2.Nf3 Nf6 3.c4 c6 4.Nc3 dxc4 5.a4 Bg4 6.Ne5 Bh5 7.g3 e6 8.Bg2 Bb4 
9.O-O Nd5 10.Qc2 a5 11.Nxc4 Nb6 12.Nxb6 Qxb6 13.Be3 Bg6 14.Be4 Qd8 15.Rac1
Nd7 16.Bxg6 hxg6 17.Rfd1 Nf6 1/2-1/2

[Event "25th Varna it"]
[Site "Varna BUL"]
[Date "1986.04.24"]
[Round "2"]
[White "Inkiov, Ventzislav"]
[Black "Spiridonov, Nikola"]
[Result "1/2-1/2"]
[WhiteElo "2465"]
[BlackElo "2420"]
[EventDate "1986.04.23"]
[PlyCount "39"]

1.Nf3 d6 2.d4 Bg4 3.e4 e6 4.Be2 Nf6 5.Nbd2 d5 6.e5 Nfd7 7.O-O c5 8.c4 Nb6 
9.cxd5 Nxd5 10.dxc5 Nd7 11.Qa4 Bxf3 12.Bxf3 Bxc5 13.Bxd5 exd5 14.Nf3 O-O 
15.Qb3 Nb6 16.a4 Re8 17.Bf4 Qd7 18.Rfd1 Rad8 19.Bg3 h6 20.h3 1/2-1/2

[Event "25th Varna it"]
[Site "Varna BUL"]
[Date "1986.04.24"]
[Round "2"]
[White "Lalic, Bogdan"]
[Black "Espig, Lutz"]
[Result "1/2-1/2"]
[WhiteElo "2450"]
[BlackElo "2395"]
[EventDate "1986.04.23"]
[PlyCount "48"]

1.d4 Nf6 2.c4 d6 3.Nc3 Nbd7 4.Nf3 e5 5.e4 Be7 6.Be2 O-O 7.O-O c6 8.Qc2 a6 
9.Rd1 Qc7 10.Bg5 Re8 11.Rac1 h6 12.Bh4 Nh7 13.Bg3 Ng5 14.Nxg5 Bxg5 15.Rb1 
Bf6 16.d5 c5 17.a3 Bg5 18.b4 b6 19.Qa4 Bb7 20.bxc5 Nxc5 21.Qc2 Bc8 22.Na4 
Nxa4 23.Qxa4 Bd7 24.Qb3 Rab8 1/2-1/2

[Event "25th Varna it"]
[Site "Varna BUL"]
[Date "1986.04.24"]
[Round "2"]
[White "Toshkov, Tikhomir"]
[Black "Mnatsakanian, Eduard"]
[Result "1/2-1/2"]
[WhiteElo "2430"]
[BlackElo "2430"]
[EventDate "1986.04.23"]
[PlyCount "167"]

1.d4 d5 2.c4 c6 3.Nc3 Nf6 4.Nf3 dxc4 5.a4 Bf5 6.e3 e6 7.a5 Nbd7 8.Bxc4 Bd6
9.O-O O-O 10.Re1 e5 11.e4 Bg4 12.d5 cxd5 13.Nxd5 Nxd5 14.Bxd5 Bb4 15.Re3 
Nc5 16.h3 Bxf3 17.Rxf3 Bxa5 18.Be3 Rc8 19.Rxf7 Rxf7 20.Qh5 Qf6 21.Rxa5 Ne6
22.Rxa7 g6 23.Qg4 Re8 24.Rxb7 Rxb7 25.Bxb7 Kg7 26.Bd5 Nf4 27.Bc4 Rd8 28.
Kh2 h5 29.Qf3 Qd6 30.Bxf4 exf4 31.b3 Qe5 32.Bd5 Rc8 33.Bc4 Rd8 34.Bd5 Rc8 
35.Bc4 Ra8 36.Qd3 f3+ 37.g3 Rf8 38.Qd7+ Kh6 39.Qd2+ Kg7 40.Qd7+ Kh8 41.Qd2
Kh7 42.Qd7+ Qg7 43.Qd6 Qa7 44.Kg1 Qa1+ 45.Kh2 Qf6 46.Qxf6 Rxf6 47.h4 Kh6 
48.e5 Rf5 49.Bd5 Kg7 50.Be4 Rxe5 51.Bxf3 Rb5 52.Kg2 Rxb3 53.Bd5 Rc3 54.Be4
Kf6 55.Bb1 Rb3 56.Bc2 Rb6 57.Bd3 Ke5 58.Be2 Ke4 59.Bc4 Kd4 60.Be2 Kc3 61.
Bf3 Rb4 62.Bd5 Kd2 63.Bf7 Rb6 64.Kf1 Ra6 65.Be8 Rf6 66.Bb5 Rf8 67.Bc4 Rc8 
68.Bf7 Rc6 69.Be8 Rf6 70.Bb5 Re6 71.Bc4 Re1+ 72.Kg2 Re7 73.Kf1 Rb7 74.Bd5 
Rb1+ 75.Kg2 Ke1 76.Be4 Rb6 77.Bd3 Rd6 78.Be4 Rf6 79.Kg1 Ke2 80.Bc2 Rb6 81.
Kg2 Rc6 82.Be4 Rf6 83.Kg1 Re6 84.Bd5 1/2-1/2

[Event "25th Varna it"]
[Site "Varna BUL"]
[Date "1986.04.24"]
[Round "2"]
[White "Ubilava, Elizbar"]
[Black "Grigorov, Yordan"]
[Result "1-0"]
[WhiteElo "2515"]
[BlackElo "2410"]
[EventDate "1986.04.23"]
[PlyCount "85"]

1.d4 d6 2.c4 f5 3.Nc3 Nf6 4.Bg5 Nbd7 5.Qc2 g6 6.h4 Bg7 7.Nh3 h6 8.Nf4 Kf7 
9.Bxf6 Nxf6 10.O-O-O c6 11.e4 Qa5 12.h5 g5 13.Ng6 Re8 14.exf5 Bxf5 15.Bd3 
e6 16.c5 dxc5 17.Bxf5 cxd4 18.Ne4 exf5 19.Nd6+ Kg8 20.Nxe8 Rxe8 21.a3 Kh7 
22.Qc4 Qd5 23.Qxd5 cxd5 24.Rhe1 Rxe1 25.Rxe1 Nxh5 26.Re6 f4 27.Ne7 f3 28.
gxf3 Nf4 29.Rd6 h5 30.Rd7 h4 31.Nf5 Nh5 32.Nxg7 Nxg7 33.Rxd5 Kg6 34.Rxd4 
Kf5 35.Kd2 Nh5 36.Ke2 Nf4+ 37.Kf1 h3 38.Rd8 b6 39.Kg1 Ne6 40.Rd7 Ke5 41.
Rxa7 Nd4 42.Kh2 Nxf3+ 43.Kxh3 1-0

[Event "25th Varna it"]
[Site "Varna BUL"]
[Date "1986.04.24"]
[Round "2"]
[White "Vera Gonzalez, Reynaldo"]
[Black "Radulov, Ivan"]
[Result "1/2-1/2"]
[WhiteElo "2455"]
[BlackElo "2405"]
[EventDate "1986.04.23"]
[PlyCount "62"]

1.e4 e5 2.d4 exd4 3.Nf3 Nc6 4.Bc4 Nf6 5.e5 d5 6.Bb5 Ne4 7.Nxd4 Bd7 8.Bxc6 
bxc6 9.O-O Bc5 10.Be3 Bb6 11.f3 Ng5 12.Nd2 O-O 13.f4 Ne6 14.N2b3 f6 15.Qd2
fxe5 16.fxe5 Qe7 17.Nxe6 Bxe6 18.Qc3 Bf5 19.Bc5 Qg5 20.Rf2 Be4 21.Raf1 
Rxf2 22.Rxf2 Re8 23.e6 Bxc5 24.Qxc5 Qg4 25.e7 h6 26.Nd2 Kh7 27.Nxe4 Qxe4 
28.Qxa7 Rxe7 29.h3 Qe1+ 30.Rf1 Qd2 31.Qf2 Re2 1/2-1/2

[Event "25th Varna it"]
[Site "Varna BUL"]
[Date "1986.04.25"]
[Round "3"]
[White "Ermenkov, Evgeny"]
[Black "Toshkov, Tikhomir"]
[Result "1-0"]
[WhiteElo "2430"]
[BlackElo "2430"]
[EventDate "1986.04.23"]
[PlyCount "61"]

1.c4 e6 2.Nf3 Nf6 3.g3 d5 4.b3 c5 5.Bg2 Nc6 6.O-O Be7 7.e3 O-O 8.Qe2 Re8 
9.Bb2 Bf8 10.d4 cxd4 11.exd4 b6 12.Nc3 Ba6 13.Rfd1 Rc8 14.Ne5 Na5 15.Nb5 
dxc4 16.bxc4 Rxc4 17.Nxa7 Qc7 18.Nac6 Nxc6 19.Bxc6 Rxc6 20.Qxa6 Rc2 21.
Rac1 Rb8 22.Qb5 Rxc1 23.Rxc1 Qb7 24.Rc6 Nd5 25.a4 f6 26.Nc4 Kf7 27.Ne3 Ne7
28.Rd6 Qc8 29.Rd7 Rb7 30.Rxb7 Qxb7 31.Nc4 1-0

[Event "25th Varna it"]
[Site "Varna BUL"]
[Date "1986.04.25"]
[Round "3"]
[White "Espig, Lutz"]
[Black "Inkiov, Ventzislav"]
[Result "0-1"]
[WhiteElo "2395"]
[BlackElo "2465"]
[EventDate "1986.04.23"]
[PlyCount "78"]

1.Nf3 d5 2.g3 Nf6 3.Bg2 c5 4.c4 dxc4 5.Na3 Nbd7 6.Nxc4 Rb8 7.a4 e6 8.O-O 
Nb6 9.Nce5 Nbd7 10.Nxd7 Bxd7 11.Ne5 Bc8 12.a5 Bd6 13.d4 Bc7 14.Qa4+ Nd7 
15.Nd3 b5 16.axb6 axb6 17.dxc5 bxc5 18.Nxc5 O-O 19.b4 Nb6 20.Qb3 Nd5 21.
Ba3 Bd6 22.Qc4 Qe7 23.Rfc1 Rd8 24.e4 Nc7 25.Bb2 e5 26.Ra5 Ne6 27.Ba1 h6 
28.h4 Bxc5 29.bxc5 Nd4 30.Bxd4 Rxd4 31.Qc3 Be6 32.c6 Rc4 33.Qe1 Qb4 34.
Rxe5 Rxc6 35.Bf1 Rxc1 36.Qxc1 Rc8 37.Qd1 Qa3 38.Rb5 Rc1 39.Qd8+ Kh7 0-1

[Event "25th Varna it"]
[Site "Varna BUL"]
[Date "1986.04.25"]
[Round "3"]
[White "Grigorov, Yordan"]
[Black "Angelov, Kosta"]
[Result "1-0"]
[WhiteElo "2410"]
[BlackElo "2335"]
[EventDate "1986.04.23"]
[PlyCount "87"]

1.g3 d6 2.d4 Nc6 3.d5 Nb8 4.Bg2 Nf6 5.c4 g6 6.Nc3 Bg7 7.Nf3 O-O 8.O-O e6 
9.e4 a5 10.h3 Na6 11.Be3 Re8 12.Nd2 Bd7 13.Nb3 exd5 14.exd5 a4 15.Nd4 Nc5 
16.Qc2 Nh5 17.Qd2 f5 18.Rfe1 Qf6 19.Ndb5 a3 20.b4 Bxb5 21.Nxb5 Ne4 22.Qd3 
Qf7 23.Bd4 c6 24.dxc6 bxc6 25.Nxd6 Nxd6 26.Bxg7 Nxc4 27.Bc3 Red8 28.Qe2 f4
29.g4 f3 30.Qxf3 Nf4 31.Re4 g5 32.Rae1 Rd3 33.Rxf4 Rxf3 34.Rxf7 Rxf7 35.
Bxc6 Rd8 36.b5 Kf8 37.Kg2 Rf4 38.Bb4+ Kf7 39.Bc5 Rd2 40.b6 Rb2 41.b7 Na5 
42.Bd5+ Kg6 43.Re6+ Kg7 44.Bb3 1-0

[Event "25th Varna it"]
[Site "Varna BUL"]
[Date "1986.04.25"]
[Round "3"]
[White "Mnatsakanian, Eduard"]
[Black "Vera Gonzalez, Reynaldo"]
[Result "0-1"]
[WhiteElo "2430"]
[BlackElo "2455"]
[EventDate "1986.04.23"]
[PlyCount "102"]

1.e4 c5 2.Nf3 d6 3.d4 cxd4 4.Nxd4 Nf6 5.Nc3 a6 6.Be3 e6 7.g3 b5 8.Bg2 Bb7 
9.a3 Nbd7 10.O-O Qc7 11.Nb3 Be7 12.f4 O-O 13.g4 d5 14.exd5 Nxd5 15.Nxd5 
Bxd5 16.Bxd5 exd5 17.Qxd5 Rae8 18.Qd3 Nf6 19.h3 Rd8 20.Nd4 Nd5 21.Bd2 Bc5 
22.c3 Nb6 23.Rae1 Nc4 24.Bc1 Qb6 25.Re4 f5 26.gxf5 Rxf5 27.Kh2 Rfd5 28.Qe2
Qg6 29.b3 Nd6 30.Re6 Re8 31.f5 Qf7 32.Nc6 Kf8 33.b4 Bb6 34.Bf4 Bc7 35.Ne5 
Qxf5 36.Bg3 Rxe6 37.Rxf5+ Nxf5 38.Qf2 Rexe5 39.Bxe5 Rxe5 40.Qa7 Re2+ 41.
Kg1 Re7 42.Qxa6 Nd6 43.Qc6 g6 44.a4 bxa4 45.c4 Nf5 46.c5 Kg7 47.Qxa4 Re1+ 
48.Kf2 Bg3+ 49.Kg2 Re2+ 50.Kf1 Rf2+ 51.Kg1 Nh4 0-1

[Event "25th Varna it"]
[Site "Varna BUL"]
[Date "1986.04.25"]
[Round "3"]
[White "Radulov, Ivan"]
[Black "Lalic, Bogdan"]
[Result "1/2-1/2"]
[WhiteElo "2405"]
[BlackElo "2450"]
[EventDate "1986.04.23"]
[PlyCount "44"]

1.e4 e6 2.d4 d5 3.Nd2 c5 4.exd5 exd5 5.Ngf3 Nf6 6.Bb5+ Bd7 7.Bxd7+ Nbxd7 
8.O-O Be7 9.dxc5 Nxc5 10.Nb3 Nce4 11.Be3 O-O 12.Qd3 Re8 13.c4 dxc4 14.Qxc4
Qd5 15.Rac1 Red8 16.Rfe1 Nd6 17.Qe2 Nf5 18.Bc5 Re8 19.Bxe7 Rxe7 20.Qc2 
Rxe1+ 21.Rxe1 Rd8 22.h3 g6 1/2-1/2

[Event "25th Varna it"]
[Site "Varna BUL"]
[Date "1986.04.25"]
[Round "3"]
[White "Spiridonov, Nikola"]
[Black "Ubilava, Elizbar"]
[Result "1-0"]
[WhiteElo "2420"]
[BlackElo "2515"]
[EventDate "1986.04.23"]
[PlyCount "67"]

1.c4 e5 2.Nc3 Nf6 3.Nf3 d6 4.g3 Nbd7 5.Bg2 Be7 6.O-O O-O 7.b4 c6 8.Qb3 a5 
9.b5 Nc5 10.Qc2 Bg4 11.d3 Qd7 12.Ba3 Ne6 13.bxc6 bxc6 14.e3 Qc7 15.Rab1 
Nd7 16.Nd2 Ra7 17.f4 exf4 18.gxf4 Nf6 19.d4 Re8 20.Qd3 d5 21.Bxe7 Qxe7 22.
cxd5 cxd5 23.Nxd5 Nxd5 24.Bxd5 Nc7 25.Bc6 Bd7 26.Bxd7 Qxd7 27.a3 Nd5 28.e4
Nf6 29.d5 Qd6 30.Rb5 Nd7 31.e5 Nxe5 32.fxe5 Rxe5 33.Qg3 f6 34.Ne4 1-0

[Event "25th Varna it"]
[Site "Varna BUL"]
[Date "1986.04.26"]
[Round "4"]
[White "Inkiov, Ventzislav"]
[Black "Radulov, Ivan"]
[Result "1/2-1/2"]
[WhiteElo "2465"]
[BlackElo "2405"]
[EventDate "1986.04.23"]
[PlyCount "23"]

1.c4 d6 2.d4 g6 3.Nf3 Bg7 4.Nc3 e5 5.e4 exd4 6.Nxd4 Ne7 7.Be2 Nbc6 8.Be3 
f5 9.exf5 Nxf5 10.Nxf5 Bxf5 11.Qd2 O-O 12.O-O 1/2-1/2

[Event "25th Varna it"]
[Site "Varna BUL"]
[Date "1986.04.26"]
[Round "4"]
[White "Spiridonov, Nikola"]
[Black "Espig, Lutz"]
[Result "1/2-1/2"]
[WhiteElo "2420"]
[BlackElo "2395"]
[EventDate "1986.04.23"]
[PlyCount "73"]

1.c4 c5 2.g3 Nc6 3.Bg2 g6 4.Nc3 Bg7 5.a3 d6 6.Rb1 a5 7.d3 e5 8.e3 Nge7 9.
Nge2 O-O 10.O-O Rb8 11.Bd2 Be6 12.Nd5 b5 13.Nec3 b4 14.axb4 axb4 15.Nxe7+ 
Nxe7 16.Nd5 Nxd5 17.Bxd5 Bxd5 18.cxd5 Ra8 19.e4 Qd7 20.Kg2 Ra7 21.Ra1 Rfa8
22.Rxa7 Rxa7 23.Qc2 h5 24.h3 Kh7 25.Qc4 Ra4 26.f3 Ra5 27.g4 Qe7 28.Qc1 Ra2
29.Be3 hxg4 30.hxg4 Kg8 31.Kg3 f5 32.gxf5 gxf5 33.Kg2 f4 34.Bf2 Qg5+ 35.
Kh3 Qh5+ 36.Kg2 Qg6+ 37.Kh3 1/2-1/2

[Event "25th Varna it"]
[Site "Varna BUL"]
[Date "1986.04.26"]
[Round "4"]
[White "Toshkov, Tikhomir"]
[Black "Grigorov, Yordan"]
[Result "1/2-1/2"]
[WhiteElo "2430"]
[BlackElo "2410"]
[EventDate "1986.04.23"]
[PlyCount "32"]

1.e4 e5 2.Nf3 Nc6 3.Bb5 a6 4.Bxc6 dxc6 5.O-O Qd6 6.d4 exd4 7.Qxd4 Qxd4 8.
Nxd4 Bd7 9.Be3 O-O-O 10.Nc3 Nf6 11.f3 Bb4 12.Nde2 Rhe8 13.a3 Bxc3 14.Nxc3 
Nd5 15.Bd4 Nxc3 16.Bxc3 f6 1/2-1/2

[Event "25th Varna it"]
[Site "Varna BUL"]
[Date "1986.04.26"]
[Round "4"]
[White "Ubilava, Elizbar"]
[Black "Angelov, Kosta"]
[Result "1-0"]
[WhiteElo "2515"]
[BlackElo "2335"]
[EventDate "1986.04.23"]
[PlyCount "103"]

1.d4 Nf6 2.c4 e5 3.dxe5 Ng4 4.Bf4 Nc6 5.Nf3 Bb4+ 6.Nbd2 Qe7 7.a3 Ngxe5 8.
Nxe5 Nxe5 9.e3 Bxd2+ 10.Qxd2 d6 11.Be2 b6 12.Qd5 c6 13.Qd2 Bb7 14.e4 O-O-O
15.O-O-O Qe6 16.b3 Rhe8 17.Rhe1 c5 18.f3 Nc6 19.Bf1 Nd4 20.Kb2 h6 21.Qc3 
g5 22.Bg3 f6 23.Bd3 Qf7 24.Bb1 Kc7 25.Bf2 Nc6 26.Rd2 Ne5 27.Bg3 Bc6 28.Ka1
a5 29.a4 Qe6 30.Red1 Rg8 31.h3 h5 32.Bc2 h4 33.Bh2 Rd7 34.Qe3 Nf7 35.Qf2 
Re8 36.f4 gxf4 37.Qxh4 Qe5+ 38.Ka2 Bxe4 39.Bxe4 Qxe4 40.Qxf6 Ne5 41.Qxf4 
Qg6 42.Qg3 Qf5 43.Qc3 Re6 44.Rd5 Qe4 45.Bxe5 Rxe5 46.Qxe5 dxe5 47.Rxd7+ 
Kc8 48.R1d2 Qe1 49.Rd8+ Kc7 50.R2d7+ Kc6 51.Rd1 Qg3 52.R8d7 1-0

[Event "25th Varna it"]
[Site "Varna BUL"]
[Date "1986.04.26"]
[Round "4"]
[White "Vera Gonzalez, Reynaldo"]
[Black "Ermenkov, Evgeny"]
[Result "1/2-1/2"]
[WhiteElo "2455"]
[BlackElo "2430"]
[EventDate "1986.04.23"]
[PlyCount "27"]

1.e4 c5 2.c3 Nf6 3.e5 Nd5 4.d4 cxd4 5.Nf3 Nc6 6.Bc4 Nb6 7.Bb3 d5 8.exd6 
Qxd6 9.O-O Be6 10.Na3 dxc3 11.Nb5 Qxd1 12.Rxd1 Rc8 13.Bxe6 fxe6 14.Nxc3 
1/2-1/2

[Event "25th Varna it"]
[Site "Varna BUL"]
[Date "1986.04.27"]
[Round "5"]
[White "Angelov, Kosta"]
[Black "Toshkov, Tikhomir"]
[Result "1/2-1/2"]
[WhiteElo "2335"]
[BlackElo "2430"]
[EventDate "1986.04.23"]
[PlyCount "160"]

1.e4 c5 2.c3 e6 3.d4 d5 4.e5 Nc6 5.Nf3 Bd7 6.Be2 Nge7 7.Na3 cxd4 8.cxd4 
Nf5 9.Nc2 Be7 10.g4 Nh4 11.Nxh4 Bxh4 12.Bd3 Qb6 13.O-O Be7 14.Rb1 a5 15.a3
a4 16.Be3 Na5 17.Qe2 Nb3 18.f4 Ra5 19.f5 Bb5 20.fxe6 fxe6 21.Rbd1 Bxd3 22.
Rxd3 Qb5 23.Nb4 Ra8 24.Qc2 Na5 25.Bc1 Rf8 26.Rdf3 Kd7 27.Rxf8 Rxf8 28.Rxf8
Bxf8 29.Na2 Qc4 30.Qf2 Ke8 31.Nc3 Nc6 32.Be3 Bxa3 33.Qc2 Bf8 34.Qxa4 Qxa4 
35.Nxa4 Kd7 36.Kf2 Na5 37.Nc3 Kc6 38.Ke2 Nc4 39.Bc1 Be7 40.Kd3 Na5 41.g5 
Nb3 42.Be3 Na5 43.Ne2 Kd7 44.h4 Ke8 45.Nf4 Kf7 46.Bd2 Nc6 47.Be1 Bd8 48.
Bd2 Bb6 49.Bc3 Ne7 50.Be1 Ng6 51.Ne2 Bd8 52.b4 Ne7 53.Nf4 Nc6 54.Kc3 Be7 
55.Nd3 Kg6 56.Nc5 b5 57.Na6 Kf5 58.Kd3 Bd8 59.Nc5 Be7 60.Na6 Bf8 61.Ke3 
Kg4 62.Nc7 Nxb4 63.Bxb4 Bxb4 64.Nxe6 Be1 65.h5 Kxh5 66.Nxg7+ Kxg5 67.Ne6+ 
Kf5 68.Nc7 b4 69.e6 Bh4 70.Kd3 b3 71.Kc3 Ke4 72.Kxb3 Kxd4 73.Kc2 Ke4 74.
Nxd5 h5 75.Kd2 Kf3 76.Ne3 Bg5 77.Ke1 h4 78.Kf1 h3 79.Kg1 Bxe3+ 80.Kh2 Bc5 
1/2-1/2

[Event "25th Varna it"]
[Site "Varna BUL"]
[Date "1986.04.27"]
[Round "5"]
[White "Espig, Lutz"]
[Black "Ubilava, Elizbar"]
[Result "1-0"]
[WhiteElo "2395"]
[BlackElo "2515"]
[EventDate "1986.04.23"]
[PlyCount "91"]

1.Nf3 d5 2.g3 Nf6 3.Bg2 c6 4.O-O Bg4 5.b3 Nbd7 6.Bb2 e6 7.d3 Bxf3 8.exf3 
g6 9.f4 Bg7 10.Nd2 O-O 11.Nf3 a5 12.a3 b5 13.c4 bxc4 14.bxc4 Qb6 15.Rb1 
Qa6 16.Qc2 Rfc8 17.Rfc1 Rab8 18.Ne5 Nxe5 19.Bxe5 Rxb1 20.Rxb1 Nd7 21.Bxg7 
Kxg7 22.Bf1 Kg8 23.d4 dxc4 24.Bxc4 Qa7 25.Qc3 Nf6 26.Bf1 Rd8 27.Bg2 Rxd4 
28.Bxc6 Nd5 29.Qe1 Ne7 30.Bf3 Qc5 31.Kg2 Rd8 32.a4 Qc2 33.Qxa5 Nc6 34.Qb6 
Rc8 35.Bxc6 Rxc6 36.Qd8+ Kg7 37.Qd4+ Kh6 38.Rb2 Qf5 39.Rb5 Qc2 40.Rb7 Qf5 
41.Rb5 Qc2 42.Qf6 Qe4+ 43.Kh3 Qe2 44.Qxf7 Rc8 45.Qf6 Qf3 46.a5 1-0

[Event "25th Varna it"]
[Site "Varna BUL"]
[Date "1986.04.27"]
[Round "5"]
[White "Grigorov, Yordan"]
[Black "Vera Gonzalez, Reynaldo"]
[Result "0-1"]
[WhiteElo "2410"]
[BlackElo "2455"]
[EventDate "1986.04.23"]
[PlyCount "84"]

1.e4 c5 2.Nf3 d6 3.d4 cxd4 4.Nxd4 Nf6 5.Nc3 a6 6.g3 e5 7.Nde2 Nbd7 8.Bg2 
b5 9.O-O Bb7 10.h3 Be7 11.g4 O-O 12.Ng3 Nc5 13.a3 g6 14.Bh6 Re8 15.Qd2 Ne6
16.Nf5 Bf8 17.Bxf8 Rxf8 18.Nxd6 Nd4 19.Rad1 Qxd6 20.f4 Qc5 21.Qf2 Ne6 22.
fxe5 Ne8 23.Nd5 Qxf2+ 24.Rxf2 Kg7 25.Nb6 Rd8 26.Rxd8 Nxd8 27.c4 bxc4 28.
Nxc4 Ne6 29.Na5 Ba8 30.b4 N8c7 31.Nc4 Nb5 32.a4 Nc3 33.Nd6 Nxa4 34.Ra2 Bc6
35.Rc2 Bb5 36.h4 Nb6 37.Nxb5 axb5 38.Bf1 Nc4 39.Bxc4 bxc4 40.Rxc4 Rb8 41.
Kf2 Rb5 42.Ke3 Rxe5 0-1

[Event "25th Varna it"]
[Site "Varna BUL"]
[Date "1986.04.27"]
[Round "5"]
[White "Mnatsakanian, Eduard"]
[Black "Inkiov, Ventzislav"]
[Result "1/2-1/2"]
[WhiteElo "2430"]
[BlackElo "2465"]
[EventDate "1986.04.23"]
[PlyCount "32"]

1.e4 c5 2.Nf3 d6 3.d4 cxd4 4.Nxd4 Nf6 5.Nc3 Nc6 6.Bg5 e6 7.Qd2 Be7 8.O-O-O
O-O 9.Nb3 Qb6 10.f3 Rd8 11.Be3 Qc7 12.Qf2 Nd7 13.g4 a6 14.g5 b5 15.h4 Nce5
16.a3 Rb8 1/2-1/2

[Event "25th Varna it"]
[Site "Varna BUL"]
[Date "1986.04.27"]
[Round "5"]
[White "Radulov, Ivan"]
[Black "Spiridonov, Nikola"]
[Result "1/2-1/2"]
[WhiteElo "2405"]
[BlackElo "2420"]
[EventDate "1986.04.23"]
[PlyCount "39"]

1.e4 Nf6 2.Nc3 d5 3.e5 d4 4.exf6 dxc3 5.fxg7 cxd2+ 6.Qxd2 Qxd2+ 7.Bxd2 
Bxg7 8.O-O-O Bf5 9.Ne2 Nd7 10.Bc3 Bxc3 11.Nxc3 O-O-O 12.Bd3 Bg6 13.h3 Nc5 
14.Bxg6 hxg6 15.Rxd8+ Rxd8 16.Rd1 Rd6 17.Rxd6 cxd6 18.Kd2 Kd7 19.Ke3 e6 
20.Ne4 1/2-1/2

[Event "25th Varna it"]
[Site "Varna BUL"]
[Date "1986.04.28"]
[Round "6"]
[White "Espig, Lutz"]
[Black "Radulov, Ivan"]
[Result "1/2-1/2"]
[WhiteElo "2395"]
[BlackElo "2405"]
[EventDate "1986.04.23"]
[PlyCount "87"]

1.Nf3 g6 2.d4 Nf6 3.g3 Bg7 4.c4 O-O 5.Bg2 d6 6.O-O c6 7.Nc3 a6 8.e4 b5 9.
cxb5 axb5 10.b4 Nfd7 11.Be3 Nb6 12.Qc1 Re8 13.Bh6 Bh8 14.Rd1 Bb7 15.e5 Na6
16.a3 Nc7 17.Qf4 Nbd5 18.Nxd5 Nxd5 19.Qh4 e6 20.Bg5 f6 21.exf6 Bxf6 22.Re1
Bc8 23.Bxf6 Qxf6 24.Ng5 Qg7 25.Bh3 e5 26.Bxc8 Raxc8 27.dxe5 dxe5 28.Ne4 
Qe7 29.Qg4 Nf6 30.Nxf6+ Qxf6 31.Qe4 Rcd8 32.Rac1 Rd5 33.Rc3 Red8 34.Kg2 
Qe6 35.h4 R8d6 36.Re2 Kg7 37.f4 Rd2 38.fxe5 R6d4 39.Qf3 Rxe2+ 40.Qxe2 Qd5+
41.Qf3 Rd2+ 42.Kh3 Qe6+ 43.g4 Qxe5 44.Qg3 1/2-1/2

[Event "25th Varna it"]
[Site "Varna BUL"]
[Date "1986.04.28"]
[Round "6"]
[White "Inkiov, Ventzislav"]
[Black "Ermenkov, Evgeny"]
[Result "1/2-1/2"]
[WhiteElo "2465"]
[BlackElo "2430"]
[EventDate "1986.04.23"]
[PlyCount "27"]

1.e4 c5 2.Nf3 d6 3.d4 Nf6 4.Nc3 cxd4 5.Nxd4 e6 6.g3 Be7 7.Bg2 a6 8.O-O Qc7
9.Nce2 O-O 10.b3 Rd8 11.c4 b6 12.Bb2 Bb7 13.Nc3 Nc6 14.Rc1 1/2-1/2

[Event "25th Varna it"]
[Site "Varna BUL"]
[Date "1986.04.28"]
[Round "6"]
[White "Lalic, Bogdan"]
[Black "Grigorov, Yordan"]
[Result "1/2-1/2"]
[WhiteElo "2450"]
[BlackElo "2410"]
[EventDate "1986.04.23"]
[PlyCount "123"]

1.d4 d6 2.e4 g6 3.c4 Bg7 4.Nc3 Nf6 5.Be2 O-O 6.Nf3 c6 7.O-O a6 8.Re1 b5 9.
e5 Ne8 10.Bg5 f6 11.exf6 exf6 12.Bf4 g5 13.Bc1 h6 14.a3 f5 15.d5 c5 16.
cxb5 Nd7 17.a4 g4 18.Nd2 Ne5 19.Nc4 Nxc4 20.Bxc4 f4 21.g3 fxg3 22.hxg3 Nf6
23.Bf1 Bf5 24.Bg2 Nd7 25.Bf4 Bd4 26.Re2 Qf6 27.bxa6 Rxa6 28.Qd2 Ne5 29.
Bxe5 Bxe5 30.Rae1 h5 31.Rxe5 dxe5 32.Ne4 Bxe4 33.Rxe4 Rb6 34.Qe2 Rfb8 35.
Rxe5 Rxb2 36.Qe3 R8b3 37.Qg5+ Qxg5 38.Rxg5+ Kf7 39.d6 Rd3 40.Be4 Rd1+ 41.
Kg2 Rxd6 42.Rxc5 Rd4 43.Bc6 Ke6 44.Bb5 Rd6 45.Rc6 Rxc6 46.Bxc6 Kf6 47.Be8 
Kg5 48.Bc6 h4 49.gxh4+ Kxh4 50.Kf1 Kg5 51.Kg2 Kf4 52.Kf1 Rc2 53.Bb7 Ra2 
54.Bc6 Rb2 55.Bb5 Rd2 56.Be2 Ra2 57.Bb5 Kg5 58.Kg2 Kh4 59.Kg1 Rb2 60.Bc6 
Rc2 61.Bb5 Rd2 62.Bc6 1/2-1/2

[Event "25th Varna it"]
[Site "Varna BUL"]
[Date "1986.04.28"]
[Round "6"]
[White "Spiridonov, Nikola"]
[Black "Mnatsakanian, Eduard"]
[Result "0-1"]
[WhiteElo "2420"]
[BlackElo "2430"]
[EventDate "1986.04.23"]
[PlyCount "102"]

1.c4 e5 2.g3 Nc6 3.Bg2 g6 4.Nc3 Bg7 5.d3 d6 6.e3 Be6 7.Nge2 Qd7 8.O-O h5 
9.h4 Nge7 10.Nd5 O-O 11.Nxe7+ Qxe7 12.Nc3 Qd7 13.Qb3 Rab8 14.Bd2 b5 15.Nd5
Nd8 16.e4 c6 17.Ne3 f5 18.exf5 gxf5 19.Bf3 Rb7 20.Qc2 f4 21.Ng2 bxc4 22.
dxc4 Bf5 23.Qd1 Rxb2 24.Bxh5 Ne6 25.Bc3 Rc2 26.Rc1 Rxa2 27.Re1 Nc5 28.Re2 
Rxe2 29.Qxe2 Bd3 30.Qd2 fxg3 31.fxg3 Be4 32.Qd1 Qe6 33.Bd2 Bd3 34.Bg4 Bf5 
35.Ne3 Bxg4 36.Qxg4 Qxg4 37.Nxg4 Nb3 38.Rd1 d5 39.Bb4 c5 40.Ba3 dxc4 41.
Bb2 Nd4 42.Kg2 Rb8 43.Ba1 Rb3 44.Rc1 c3 45.Nf2 Ra3 46.Bxc3 Ne2 47.Bb2 
Rxg3+ 48.Kh2 Rf3 49.Kg2 Rxf2+ 50.Kxf2 Nxc1 51.Bxc1 e4 0-1